La investigación de la filiación y las pruebas biológicas
Збережено в:
| Автор: | |
|---|---|
| Формат: | Книга |
| Мова: | Іспанська |
| Опубліковано: |
Bogotá, Colombia
Jurídicas
1996
|
| Редагування: | Segunda edición |
| Предмети: | |
| Теги: |
Додати тег
Немає тегів, Будьте першим, хто поставить тег для цього запису!
|
MARC
| LEADER | 00000nam a2200000 a 4500 | ||
|---|---|---|---|
| 001 | UCO5345 | ||
| 003 | CL-VaPUC | ||
| 005 | 20240402120827.0 | ||
| 008 | 000901e19960000CK |||||||||||||||||spa|d | ||
| 999 | |c 291239 |d 291237 | ||
| 040 | |c Pontificia Universidad Católica de Valparaíso | ||
| 082 | 0 | 4 | |a 346.017 BUE 1996 |2 21 |
| 100 | 0 | |a Bueno Rincón, Fabio Enrique |9 450133 | |
| 245 | 1 | 3 | |a La investigación de la filiación y las pruebas biológicas |
| 250 | |a Segunda edición | ||
| 260 | 0 | 3 | |a Bogotá, Colombia |b Jurídicas |c 1996 |
| 300 | |a 209 páginas | ||
| 583 | |a last modification |c 20000901 00:00:00 |k Rodrigo Vera | ||
| 650 | 0 | |a Filiación |9 256647 | |
| 650 | 7 | |a INVESTIGACION DE LA PATERNIDAD |2 CL-VaPUC |9 380902 | |
| 650 | 7 | |a PATERNIDAD LEGITIMA |2 CL-VaPUC |9 380900 | |
| 942 | |c BK |2 ddc | ||
| 945 | |d 20000901 00:00:00 |a vberengu | ||
| 952 | |0 0 |1 0 |2 ddc |4 0 |6 346_017000000000000_BUE_1996 |7 0 |8 DER_TF |9 341037 |a BIBDER |b BIBDER |d 2019-11-20 |i 3647439 |l 2 |o 346.017 BUE 1996 |p 3647439 |r 2024-06-28 |s 2024-06-19 |t 1 |w 2019-11-20 |x Ubicación 4to Piso |y BK |z Estos recursos deben solicitarse con anticipación |k DER | ||